kraje europejskie nie będący w strefie euro - Statystyki

Ogólne statystyki
  • Ten quiz został rozwiązany 349 razy
  • Średni wynik to 15 z 20
Statystyki odpowiedzi
odpowiedzi
% Poprawnych
Polska
93%
Czechy
86%
Ukraina
86%
Rosja
85%
Szwecja
85%
Norwegia
84%
Białoruś
82%
Wielka Brytania
80%
Rumunia
78%
Bułgaria
77%
Dania
77%
Serbia
75%
Węgry
75%
Szwajcaria
73%
Chorwacja
72%
Albania
71%
Bośnia i Hercegowina
71%
Islandia
68%
Macedonia
63%
Liechtenstein
51%
Nie znaleziono quizów pasujących do podanych kryteriów
Rozkład punktacji
Procent ludzi z każdym wynikiem
Percentyl według liczby udzielonych odpowiedzi
Twoja historia wyników
Nie rozwiązałeś tego quizu